| 000 | 00413nam a22001217a 4500 | ||
|---|---|---|---|
| 999 |
_c9478 _d9478 |
||
| 003 | OSt | ||
| 008 | 201203b ||||| |||| 00| 0 eng d | ||
| 245 | _aIndian Journal Of Fiber And Textile Research | ||
| 250 | _a2016( Mar Vol.41 no.1, Jun Vol.41 No.2 ) 2017( Dec Vol.41 No.4, Mar Vol.42 No.1 ) | ||
| 260 |
_aNew Delhi _bNational Instt. Of Sci. Comm. And Info. Res. |
||
| 650 | _aTextile Engineering | ||
| 942 |
_2ddc _cBV |
||